[Event "ISR-chT 2020"]
[Site "Israel"]
[Date "2020.01.17"]
[Round "3.1"]
[White "Efimenko, Zahar"]
[Black "Gorodetzky, David"]
[Result "1/2-1/2"]
[WhiteElo "2604"]
[BlackElo "2486"]
[Annotator "TA"]
[PlyCount "62"]
[EventDate "2020.01.10"]
[EventType "team-tourn"]
[EventCountry "ISR"]
[SourceTitle "playchess.com"]
[Source "ChessBase"]
[SourceQuality "1"]

{[%evp 9,62,2,2,0,1,0,16,12,35,9,9,31,20,0,5,0,0,0,15,5,14,0,0,0,21,25,38,31,38,37,39,54,53,56,40,25,30,36,22,32,25,25,34,0,0,0,0,0,0,0,0,0,0,-14,0]} 1. Nf3 Nf6 2. g3 d5 3. Bg2 e6 4. d4 b5 5. a4 (5. Qd3 Ba6 6. a3 b4 7. Qb3 bxa3 8. Nxa3 Be7 9. Bf4 O-O 10. O-O Bxe2 11. Rfe1 Bxf3 12. Bxf3 Nbd7 {1-0 (44) Mamedyarov,S (2772)-Gajewski,G (2626) Moscow 2019}) 5... b4 6. c4 {A46: 1 d4 Nf6 2 Nf3 e6: Torre, London and Colle Systems} bxc3 7. Nxc3 Nbd7 8. O-O Ba6 9. Bf4 c6 10. Qc2 $146 ({Predecessor:} 10. Rb1 Bb4 11. Na2 Be7 12. Ne5 Nxe5 13. Bxe5 O-O 14. Qd2 Qb6 {0-1 (48) Gasthofer,A (2441)-Graf,A (2601) Deizisau 2009}) 10... Rc8 11. Rfc1 Bb4 12. a5 O-O 13. Qa4 Qe7 14. Na2 Bd6 {White must now prevent ...Bxf4.} 15. Bxd6 Qxd6 16. e3 c5 17. Qa3 Ne4 18. Nc3 f5 19. Na4 h6 20. dxc5 Ndxc5 21. Nxc5 Rxc5 22. Rxc5 Qxc5 23. Qxc5 Nxc5 24. b4 Nb3 25. Rb1 Bc4 26. Nd4 Nxd4 {The position is equal.} 27. exd4 a6 28. f4 Rc8 29. Rc1 Rb8 30. Rb1 Rc8 31. Rc1 Rb8 {Accuracy: White = 74%, Black = 75%.} 1/2-1/2

[Event "ISR-chT 2020"]
[Site "Israel"]
[Date "2020.01.17"]
[Round "3.2"]
[White "Veinberg, Nimrod"]
[Black "Dvoirys, Semen I."]
[Result "0-1"]
[WhiteElo "2402"]
[BlackElo "2466"]
[Annotator "ChessBase"]
[PlyCount "80"]
[EventDate "2020.01.10"]
[EventType "team-tourn"]
[EventCountry "ISR"]
[SourceTitle "playchess.com"]
[Source "ChessBase"]
[SourceQuality "1"]
[TimeControl "40/5400+30:1800+30"]

1. d4 {[%emt 0:00:00]} Nf6 {[%emt 0:03:37]} 2. c4 {[%emt 0:00:05]} g6 {[%emt 0:00:08]} 3. Nc3 {[%emt 0:00:06]} d5 {[%emt 0:00:20]} 4. cxd5 {[%emt 0:00:10]} Nxd5 {[%emt 0:00:04]} 5. e4 {[%emt 0:00:09]} Nxc3 {[%emt 0:00:05]} 6. bxc3 {[%emt 0:00:06]} Bg7 {[%emt 0:00:03]} 7. Be3 {[%emt 0:00:33]} c5 {[%emt 0:00:22]} 8. Qd2 {[%emt 0:01:26]} Qa5 {[%emt 0:00:15]} 9. Rc1 {[%emt 0:00:25]} Nd7 {[%emt 0:01:55]} 10. Nf3 {[%emt 0:00:53]} Nf6 {[%emt 0:01:12]} 11. Bd3 {[%emt 0:00:48]} O-O {[%emt 0:00:09]} 12. O-O {[%emt 0:05:02]} Bd7 {[%emt 0:17:35]} 13. Rb1 {[%emt 0:16:55]} b6 {[%emt 0:09:13]} 14. Ne5 {[%emt 0:02:09]} Rfd8 {[%emt 0:10:45]} 15. Rfc1 {[%emt 0:14:05]} Be8 {[%emt 0:07:49]} 16. Qe2 {[%emt 0:00:52]} Rac8 {[%emt 0:00:21]} 17. Bd2 {[%emt 0:10:26]} cxd4 {[%emt 0:05:26]} 18. cxd4 {[%emt 0:00:36]} Rxc1+ {[%emt 0:01:52]} 19. Rxc1 {[%emt 0:00:46]} Qxa2 {[%emt 0:00:09]} 20. Qe3 {[%emt 0:07:30]} Nxe4 {[%emt 0:03:36]} 21. Bb4 {[%emt 0:15:15]} Nd6 {[%emt 0:03:20]} 22. Nc4 {[%emt 0:04:11]} Nc8 {[%emt 0:08:59]} 23. Bxe7 {[%emt 0:02:49]} Bxd4 {[%emt 0:01:16]} 24. Bxd8 {[%emt 0:01:08]} Bxe3 {[%emt 0:00:05]} 25. Nxe3 {[%emt 0:00:15]} Nd6 {[%emt 0:01:22]} 26. h3 {[%emt 0:05:38]} Qa3 {[%emt 0:01:37]} 27. Rd1 {[%emt 0:00:02]} Ba4 {[%emt 0:00:19]} 28. Rd2 {[%emt 0:00:54]} Qc3 {[%emt 0:01:18]} 29. Nf1 {[%emt 0:00:29]} Bb5 {[%emt 0:01:55]} 30. Bxb5 {[%emt 0:02:10]} Nxb5 {[%emt 0:00:06]} 31. Bg5 {[%emt 0:03:18]} Kg7 {[%emt 0:00:56]} 32. Ng3 {[%emt 0:01:04]} h6 {[%emt 0:00:44]} 33. Be3 {[%emt 0:00:12]} a5 {[%emt 0:03:43]} 34. Rd8 {[%emt 0:00:18]} a4 {[%emt 0:00:49]} 35. Ra8 {[%emt 0:04:19]} a3 {[%emt 0:00:39]} 36. Bxb6 {[%emt 0:02:12]} Qc6 {[%emt 0:00:15]} 37. Ra6 {[%emt 0:00:18]} Qb7 {[%emt 0:00:06]} 38. Bd4+ {[%emt 0:00:09]} Nxd4 {[%emt 0:00:06]} 39. Rxa3 {[%emt 0:00:04]} Qb1+ {[%emt 0:00:23]} 40. Kh2 {[%emt 0:00:09]} Qb2 {[%emt 0:00:11]} 0-1

[Event "ISR-chT 2020"]
[Site "Israel"]
[Date "2020.01.17"]
[Round "3.3"]
[White "Khmelniker, Ilya"]
[Black "Galburd, Yan"]
[Result "1-0"]
[WhiteElo "2481"]
[BlackElo "2450"]
[Annotator "TA"]
[PlyCount "105"]
[EventDate "2020.01.10"]
[EventType "team-tourn"]
[EventCountry "ISR"]
[SourceTitle "playchess.com"]
[Source "ChessBase"]
[SourceQuality "1"]

{[%evp 12,105,22,15,35,38,30,11,64,0,0,9,68,58,95,70,89,75,68,76,116,126,167,165,161,160,212,124,170,170,173,177,174,181,183,179,181,167,208,208,215,179,189,180,218,201,208,191,201,186,196,183,191,196,195,195,187,187,228,235,231,227,220,181,257,257,225,225,314,314,308,289,308,323,310,300,278,268,325,306,438,387,689,689,682,664,993,975,1094,1024,29982,29983,29989,29988,29987,29988]} 1. d4 d5 2. Nf3 Nf6 3. c4 e6 4. Nc3 Bb4 5. cxd5 exd5 6. Bg5 h6 7. Bh4 O-O {D38: Queen's Gambit Declined: Ragozin Defence (4 Nf3 Bb4)} 8. e3 Bf5 9. Be2 (9. Qb3 Bxc3+ 10. bxc3 Nbd7 11. Be2 c5 12. dxc5 g5 13. Bg3 Nxc5 14. Qb4 Nce4 15. O-O Nxg3 16. hxg3 {½-½ (33) Cheparinov,I (2687)-Grischuk,A (2777) Moscow 2019}) 9... c5 (9... g5 $11 10. Bg3 Ne4) 10. O-O ({Better is} 10. dxc5 $14 g5 11. Bg3) 10... g5 $146 ({Predecessor:} 10... Bxc3 11. bxc3 c4 12. Nd2 Nbd7 13. Qc1 Qa5 14. f3 g5 15. Bg3 {1-0 (33) Arabidze,M (2403)-Khurtsidze,N (2451) Chakvi 2015}) 11. Bg3 {Threatening Nb5.} Nc6 (11... c4 $11) 12. dxc5 $14 Bxc3 13. bxc3 Ne4 {[%mdl 64] [#] Double Attack} 14. Rc1 Nxc5 15. Nd4 $36 {[%mdl 2048] White has strong initiative.} Bg6 16. c4 {Hoping for Nxc6.} Nb4 17. cxd5 Qxd5 18. Bc4 Qd7 (18... Qd8 $16 19. Bxf7+ Rxf7) 19. Bxf7+ ({White should play} 19. a3 $18 Nba6 20. h4) 19... Qxf7 20. Rxc5 {aiming for Bd6.} Rfc8 21. Rxc8+ Rxc8 22. Qa4 Nxa2 23. Qxa7 Nc3 24. Qb6 Ne4 25. f3 Nd2 26. Re1 Nc4 27. Qb4 Qd5 28. Bf2 Ne5 29. e4 Nd3 30. Qb6 ({Resist} 30. exd5 Nxb4 31. d6 Nd3) 30... Qf7 31. Rd1 Nxf2 32. Kxf2 g4 33. Qe6 Qxe6 34. Nxe6 gxf3 35. gxf3 $18 {[%mdl 4096] Endgame KRB-KRN} ({But not} 35. Kxf3 $6 Re8 $16) 35... b5 36. Rb1 Be8 37. Ke3 Kf7 (37... Rc4 $142 38. Kf4 Bd7) 38. Nd4 Rc5 39. Nf5 Kg6 40. Nd6 Bd7 41. Rb2 Rc3+ 42. Kf4 Rc5 43. e5 Kg7 44. Nf5+ Kf8 {next ...Rc4+ is good for Black.} 45. Nd4 h5 (45... Kf7 $142 46. Ke4 Rc1) 46. Ke4 h4 $2 {[#]} (46... Rc4 47. Kd5 Ke7) 47. f4 Rc1 48. e6 Be8 49. Ke5 Rc4 50. Nf5 Rc5+ 51. Kf6 {White mates.} Rc6 52. Nh6 h3 53. Rb3 {Accuracy: White = 84%, Black = 49%.} 1-0

[Event "ISR-chT 2020"]
[Site "Israel"]
[Date "2020.01.17"]
[Round "3.4"]
[White "Parkhov, Yair"]
[Black "Sidorenko, Ilya"]
[Result "1-0"]
[WhiteElo "2370"]
[BlackElo "2400"]
[Annotator "TA"]
[PlyCount "183"]
[EventDate "2020.01.10"]
[EventType "team-tourn"]
[EventCountry "ISR"]
[SourceTitle "playchess.com"]
[Source "ChessBase"]
[SourceQuality "1"]

{[%evp 18,183,7,0,8,0,54,50,56,31,37,25,33,22,56,56,51,43,79,94,133,140,103,125,299,166,191,191,176,175,226,87,120,111,91,86,129,14,18,18,18,18,25,27,14,36,41,52,56,62,195,75,83,0,0,-102,-100,-101,-100,-111,-110,-91,-8,-8,-20,-43,0,0,16,16,16,16,15,15,15,15,14,12,183,125,166,149,162,159,185,182,187,51,54,8,8,8,8,8,8,8,8,8,8,8,8,8,8,8,8,8,8,8,8,8,8,8,8,8,8,8,8,8,8,8,8,8,8,8,8,8,8,8,8,8,131,8,8,8,131,8,8,8,8,8,8,8,8,8,29968,29970,29971,29968,29966,29966,29975,29977,29975,29976,29984,29985,29985,29986,29986,29987,29987,29988,29988,29989,29992,29991,29991,29992]} 1. d4 Nf6 2. c4 g6 3. Nc3 d5 4. cxd5 Nxd5 5. e4 Nxc3 6. bxc3 Bg7 7. Nf3 c5 8. h3 O-O 9. Be2 Nc6 10. Be3 e6 {D85: Exchange Grünfeld: Unusual White 7th moves and lines with 7 Nf3} (10... Qa5 11. Bd2 e6 12. O-O Qc7 13. Be3 b6 14. dxc5 bxc5 15. Bxc5 Rd8 16. Qa4 Ne5 17. Bd4 Nxf3+ 18. Bxf3 {½-½ (26) Grachev,B (2614)-Duda,J (2758) Moscow 2019}) 11. O-O Qe7 $146 ({Black should try} 11... cxd4 $11 12. cxd4 b6) ({Predecessor:} 11... cxd4 12. cxd4 b6 13. Rc1 Bb7 14. Bg5 Qd7 15. Bb5 a6 16. d5 axb5 17. dxc6 Bxc6 18. Qxd7 Bxd7 {0-1 (59) Tsjembajev,E (2203)-Flermoen,P (2144) Vadso 2010}) 12. d5 $14 Rd8 {White is slightly better.} 13. c4 exd5 14. exd5 Nd4 15. Rc1 Nxe2+ 16. Qxe2 b6 17. Qd2 Qd7 18. Bh6 Bh8 19. Rfe1 Bb7 20. Ne5 Qd6 $2 (20... Bxe5 $16 {keeps fighting.} 21. Rxe5 f6) 21. Bf4 (21. Ng4 $142) 21... Qf8 $18 22. Ng4 h5 23. Ne5 $1 b5 (23... Bg7 $142 24. Re3 Bf6) 24. Bg5 ({Inferior is} 24. cxb5 Rxd5 25. Qc2 Rd4 $11) (24. Rb1 $1 $18 {has better winning chances.}) 24... bxc4 25. Bxd8 Rxd8 26. Qa5 Rxd5 27. Qxa7 ({White should play} 27. Nxc4 $16 {Strongly threatening Qb5.} Rg5 28. Ne3) 27... Qc8 $1 $11 28. Nxc4 Rg5 29. Ne3 Qc6 $1 30. Qb8+ Kh7 {[%cal Rg5g2]} 31. Qh2 Bd4 {( -> ...Bxe3)} 32. h4 Re5 33. Nc2 $1 Qe6 (33... Bb2 $14) 34. Qf4 (34. Qh3 $1 $18 {[%cal Rh3e6] Black must now prevent Qxe6.} Qe7 35. Qg3) 34... Qd5 {[%csl Gb7][%cal Rd5g2]} 35. Qf3 (35. Qg3 $1 $16) 35... Rf5 $36 {[%mdl 2048] Black has some pressure.} 36. Qxd5 (36. Nxd4 $11 Rxf3 37. Nxf3) 36... Bxf2+ $17 {[%mdl 64] Double Attack} 37. Kh2 Bxd5 38. Red1 Bxa2 39. g3 Bb3 (39... Bd5 $17 40. Kh3 g5 41. hxg5 Rxg5) 40. Kg2 $11 Ba4 {...Bc6+ is the strong threat.} 41. Rd6 Bb5 42. Rcd1 c4 43. Rf1 Bc5 44. Rxf5 gxf5 {[%mdl 4096] Endgame KRN-KB} 45. Rf6 {[%mdl 64] Double Attack} Kg7 $1 {[%cal Rg7f6]} 46. Rxf5 {[%mdl 64] Double Attack} Bc6+ 47. Kh2 Be7 $2 (47... Bd6 $11) 48. Rxh5 (48. Nd4 $18 c3 49. Ra5 (49. Nxc6 c2 $11) (49. Rxh5 Ba4 $14)) 48... c3 49. Re5 Bf6 50. Rc5 Be4 51. Nb4 $1 Bg6 52. Nd5 ({Better is} 52. Rc7 $18) 52... Bd4 $14 53. Rxc3 (53. Rc4 {is more complex.} Bd3 54. Rc7 Be5 55. Rc6 Be4 56. Rc5) 53... Bxc3 54. Nxc3 {Threatens to win with g4. KB-KN} Kf6 55. Nd5+ Ke5 56. Nf4 Bf5 57. Kg2 Be4+ 58. Kf2 Kf5 59. Ne2 Kg4 60. Nc3 Bc6 61. Nd1 Be4 62. Ne3+ Kh5 63. Nc4 Bd5 64. Ne5 f6 65. Nd7 Kg6 66. Nb6 (66. g4 $5 {[%cal Rf2g3]}) 66... Be6 67. Na4 {And now Kf3 would win.} Kf5 68. Nc3 Bf7 69. Nd1 Ke4 70. Kg2 Bc4 71. Nf2+ Kf5 72. Kf3 {White wants to play g4+.} Bd5+ 73. Ke3 {With the idea g4+.} Bg2 (73... Be6 $11 {remains equal.}) 74. Kd4 ({White must play} 74. g4+ $16 Kg6 75. Kf4) 74... Bf3 75. Kd3 Bg2 (75... Bd5 $11) 76. Kc4 (76. Ke3 $16) 76... Bf3 $11 77. Kd4 Bc6 78. Kc5 $1 {[%cal Rc5c6]} Bf3 79. Kd6 Be2 80. Ke7 {Hoping for Kf7.} Ke5 $2 {[%mdl 8192] [#]} (80... Kg6 $11) 81. Kf7 $1 {[%cal Rf7g6] White mates.} Kf5 82. Kg7 Bf3 {[#]} 83. Kh6 $1 Be2 84. h5 Bf3 {[#]} 85. g4+ $1 {[%mdl 576] Deflection} Bxg4 86. Nxg4 Kxg4 {KP-KP} 87. Kg6 f5 88. h6 f4 89. h7 f3 90. h8=Q Kg3 91. Qh1 Kf2 92. Kf5 {Accuracy: White = 57%, Black = 48%.} 1-0

[Event "ISR-chT 2020"]
[Site "Israel"]
[Date "2020.01.17"]
[Round "3.5"]
[White "Iliaguev, Nisim"]
[Black "Zlatin, Alexander"]
[Result "1/2-1/2"]
[WhiteElo "2289"]
[BlackElo "2310"]
[Annotator "TA"]
[PlyCount "45"]
[EventDate "2020.01.10"]
[EventType "team-tourn"]
[EventCountry "ISR"]
[SourceTitle "playchess.com"]
[Source "ChessBase"]
[SourceQuality "1"]

{[%evp 16,45,31,4,8,11,10,0,0,0,0,0,0,0,0,0,0,0,0,0,0,0,0,0,0,0,0,0,0,0,2,0]} 1. c4 c5 2. g3 Nf6 3. Bg2 g6 4. Nc3 Nc6 5. e3 Bg7 6. Nge2 O-O 7. O-O e6 8. d4 cxd4 9. Nxd4 d5 {The position is equal. A38: Symmetrical English vs ...g6: 4 Bg2 Bg7 5 Nf3 Nf6} 10. b3 (10. cxd5 Nxd4 11. exd4 Nxd5 12. Qb3 Qb6 13. Nxd5 exd5 14. Be3 Be6 {½-½ (14) Krasenkow,M (2661)-Macieja,B (2616) Lugo 2007}) 10... Nxd4 11. exd4 b6 12. cxd5 $146 ({Predecessor:} 12. Ba3 Re8 13. Nb5 Bf8 14. c5 Ba6 {0-1 (48) Otene,E-Evans,D (2185) Auckland 1996}) 12... Nxd5 13. Nxd5 exd5 14. Bf4 Bf5 15. Rc1 Rc8 16. Qd2 Qd7 17. Bh6 Rfe8 18. Bxg7 Kxg7 19. Rxc8 Rxc8 20. Rc1 Rxc1+ 21. Qxc1 Qd6 22. Qe3 Bb1 23. a4 1/2-1/2

[Event "ISR-chT 2020"]
[Site "Israel"]
[Date "2020.01.17"]
[Round "3.6"]
[White "Psakhis, Lev"]
[Black "Klenburg, Michael"]
[Result "1/2-1/2"]
[WhiteElo "2456"]
[BlackElo "2357"]
[Annotator "ChessBase"]
[PlyCount "53"]
[EventDate "2020.01.10"]
[EventType "team-tourn"]
[EventCountry "ISR"]
[SourceTitle "playchess.com"]
[Source "ChessBase"]
[SourceQuality "1"]
[TimeControl "40/5400+30:1800+30"]

1. e4 {[%emt 0:00:00]} d6 {[%emt 0:02:50]} 2. d4 {[%emt 0:00:00]} Nf6 {[%emt 0:00:12]} 3. f3 {[%emt 0:00:06]} e5 {[%emt 0:00:38]} 4. d5 {[%emt 0:00:09]} Be7 {[%emt 0:00:28]} 5. c4 {[%emt 0:01:27]} O-O {[%emt 0:00:33]} 6. Nc3 {[%emt 0:02:05]} c6 {[%emt 0:00:23]} 7. Be3 {[%emt 0:00:12]} a6 {[%emt 0:02:36]} 8. Bd3 {[%emt 0:05:42]} Nh5 {[%emt 0:02:41]} 9. Qd2 {[%emt 0:10:56]} h6 {[%emt 0:01:52]} 10. Nge2 {[%emt 0:28:22]} Bg5 {[%emt 0:00:51]} 11. h4 {[%emt 0:05:32]} Bxe3 {[%emt 0:08:26]} 12. Qxe3 {[%emt 0:00:08]} Qf6 {[%emt 0:00:27]} 13. g3 {[%emt 0:04:04]} c5 {[%emt 0:01:48]} 14. a4 {[%emt 0:07:51]} Re8 {[%emt 0:01:48]} 15. Kd2 {[%emt 0:00:13]} Nd7 {[%emt 0:01:24]} 16. Rag1 {[%emt 0:04:04]} Qd8 {[%emt 0:02:20]} 17. g4 {[%emt 0:05:22]} Nf4 {[%emt 0:00:33]} 18. Nxf4 {[%emt 0:00:10]} exf4 {[%emt 0:00:05]} 19. Qxf4 {[%emt 0:00:02]} Ne5 {[%emt 0:00:14]} 20. Ra1 {[%emt 0:06:21]} Bd7 {[%emt 0:01:28]} 21. g5 {[%emt 0:01:31]} h5 {[%emt 0:01:54]} 22. Be2 {[%emt 0:01:15]} Qb6 {[%emt 0:10:23]} 23. Kc2 {[%emt 0:01:05]} Qb4 {[%emt 0:01:08]} 24. a5 {[%emt 0:01:47]} b5 {[%emt 0:02:47]} 25. axb6 {[%emt 0:01:37]} a5 {[%emt 0:04:23]} 26. Ra3 {[%emt 0:09:42]} a4 {[%emt 0:01:56]} 27. Rb1 {[%emt 0:01:22]} 1/2-1/2

[Event "ISR-chT 2020"]
[Site "Israel"]
[Date "2020.01.17"]
[Round "3.7"]
[White "Lev, Ronen"]
[Black "Kovalenko, Igor"]
[Result "0-1"]
[WhiteElo "2342"]
[BlackElo "2640"]
[Annotator "TA"]
[PlyCount "148"]
[EventDate "2020.01.10"]
[EventType "team-tourn"]
[EventCountry "ISR"]
[SourceTitle "playchess.com"]
[Source "ChessBase"]
[SourceQuality "1"]

{[%evp 24,148,26,29,39,39,29,34,62,52,81,-38,0,0,0,0,38,31,28,30,40,54,33,8,8,10,14,14,26,26,26,20,27,28,54,37,173,151,167,168,266,265,251,196,237,112,112,78,133,60,58,23,80,20,29,8,8,0,0,0,6,0,0,0,0,0,34,31,40,40,47,46,47,18,18,1,65,65,75,36,39,18,18,18,21,21,18,19,20,8,22,22,16,15,25,8,18,0,0,0,0,0,35,50,215,224,366,362,480,158,156,66,76,71,80,77,102,37,48,42,50,41,69,41,238,135,129]} 1. d4 Nf6 2. c4 g6 3. Nc3 Bg7 4. e4 O-O 5. Bg5 c5 6. d5 d6 7. Qd2 Re8 8. Be2 e6 9. Nf3 exd5 10. exd5 Bg4 11. O-O Nbd7 12. h3 Bxf3 13. Bxf3 Qb6 {E75: King's Indian: Averbakh Variation: 6...c5 7 d5 e6} 14. Rfe1 a6 15. Bf4 (15. Qc2 Rxe1+ 16. Rxe1 Re8 17. Rxe8+ Nxe8 18. Be2 {½-½ (69) Hracek,Z (2613)-Mihok,O (2543) Hungary 2018}) 15... Kh8 $146 {White is slightly better.} ({Predecessor:} 15... Rxe1+ 16. Rxe1 Re8 17. Rxe8+ Nxe8 18. b3 Qa5 19. Ne4 Qxd2 20. Bxd2 Bd4 21. Be2 Kg7 22. g4 Ndf6 23. Nxf6 Nxf6 24. Bd3 {1-0 (49) Kovalchuk,A (2269)-Petrov,A (2394) Taganrog 2014}) 16. Rab1 Rac8 17. b4 (17. g4 $16) 17... Rxe1+ 18. Qxe1 cxb4 19. Na4 $1 {[%csl LRb4,LRb6]} Qd4 20. Be3 Qd3 21. Rxb4 b5 22. cxb5 axb5 23. Nb2 Qa3 24. Rxb5 Qxa2 25. Nd3 Qc4 26. Qb1 Ra8 27. Qb3 Qc8 28. g3 Ng8 29. Bf4 Ndf6 (29... Bf8 $14) 30. Kg2 $18 Ne8 31. Rb7 Qf5 (31... f5 $142 32. Rb6 Qd7) 32. g4 Qf6 33. Qc4 g5 34. Bg3 (34. Bc1 $1 $18 {is the precise move to win.}) 34... Ne7 $16 35. Be4 (35. Qe4 {with more complications.} Ng6 36. Nb4 Kg8 37. Nc6 Bf8 38. Qe3) 35... Ng6 (35... Kg8 $142) 36. Bxg6 (36. Bf5 $16) 36... Qxg6 $14 37. Rb6 Kg8 (37... f5 $11) 38. Rc6 (38. Ne5 $16 Qf6 39. Qb3) 38... Bf8 39. Nc5 {[%cal Bd3c5,Bc5b3,Bb3d4,Bd4c2,Bc2e3,Be3f5][%mdl 32]} Qb1 40. Nb3 Qd1 41. Rb6 h6 (41... Ra3 42. Rb8 $18) 42. Qc6 Rd8 43. Rb4 Nf6 44. Nd4 Qe1 45. Nc2 Qe2 46. Ne3 Re8 47. Rb3 Qa2 48. Rd3 Rb8 49. Qc4 Qa5 (49... Qxc4 $11 50. Nxc4 Rb5) 50. Qd4 Nd7 51. Nf5 Rb1 $1 {White must now prevent ...Qe1.} 52. Rd1 (52. Bxd6 $2 Qe1 $19) (52. Qc3 {is more complex.} Qa4 53. Nxd6 Rd1 54. Nc4 Bg7 55. Qa3) 52... Rxd1 53. Qxd1 Nf6 54. Ne3 Qb4 55. Qd3 Ne4 56. Qc4 Qb1 57. Nf5 Kh7 58. Qe2 Kg6 59. Qe3 Kh7 60. Kf3 Nf6 61. Qd4 Kg6 62. Kg2 Qb3 63. Ne3 {Hoping for h4.} Qb5 $2 ({Black should play} 63... Qb1 $14) 64. h4 $18 {Threatens to win with h5+.} gxh4 (64... Be7 {is a better defense.} 65. h5+ Kg7 66. Nf5+ Kf8 67. Nxe7 (67. Nxh6 Qxd5+ 68. Qxd5 Nxd5 $18) (67. Bxd6 Bxd6 68. Nxd6 Qxd5+ 69. Qxd5 Nxd5 $14) 67... Kxe7) 65. Bxh4 Nh7 66. Qe4+ $2 (66. f4 $18 {[%csl Ge3,Gg4][%cal Rf4f5] and the rest is easy.} Qe2+ 67. Kg1) 66... Kg7 $16 67. Nf5+ ({White should try} 67. Be7 $1 $16 {[%cal Re7f8]} Kg8 68. Bxf8 Nxf8 69. Qf4) 67... Kg8 $14 68. Kh2 Qb2 69. Qf4 Qe2 70. Kg2 (70. Nxd6 $16 Bxd6 71. Qxd6) 70... Qd3 71. Qf3 $36 {[%mdl 2048] Black is under pressure.} Qd2 72. Qe4 Qd1 73. Kh2 h5 $2 {[#]} ({Better is} 73... Ng5 $14 74. Bxg5 hxg5) 74. Ne3 (74. g5 $1 $18 {[%cal Rg5g6] And now g6! would win.} Qd2 {[#]} 75. g6 $1 {[%mdl 576] Deflection} fxg6 76. Qe6+ {[%mdl 64] Double Attack} Kh8 77. Bf6+ (77. Qxg6 Qf4+ 78. Kg2 Qg4+ 79. Qxg4 hxg4 $16) (77. Nxd6 Bxd6+ 78. Qxd6 Qd4 $11) 77... Nxf6 78. Qxf6+ {[%mdl 64] Double Attack} Kg8 79. Qxg6+ Kh8 80. Qxh5+ Kg8 81. Qg6+ Kh8 82. Qh5+ Kg8 83. Qg6+ Kh8 84. Kg3) 74... Qe2 {[%mdl 32768] Accuracy: White = 36%, Black = 45%. . Loss on time!?} 0-1

[Event "ISR-chT 2020"]
[Site "Israel"]
[Date "2020.01.17"]
[Round "3.8"]
[White "Gruenfeld, Yehuda"]
[Black "Emanuel, Yahav"]
[Result "1/2-1/2"]
[WhiteElo "2432"]
[BlackElo "2356"]
[Annotator "ChessBase"]
[PlyCount "49"]
[EventDate "2020.01.10"]
[EventType "team-tourn"]
[EventCountry "ISR"]
[SourceTitle "playchess.com"]
[Source "ChessBase"]
[SourceQuality "1"]
[TimeControl "40/5400+30:1800+30"]

1. e4 {[%emt 0:07:28]} e5 {[%emt 0:00:00]} 2. Nf3 {[%emt 0:01:11]} Nc6 {[%emt 0:00:00]} 3. Bb5 {[%emt 0:00:09]} Bc5 {[%emt 0:00:41]} 4. O-O {[%emt 0:02:20]} Nf6 {[%emt 0:00:17]} 5. Bxc6 {[%emt 0:01:12]} dxc6 {[%emt 0:00:28]} 6. d3 {[%emt 0:00:04]} Nd7 {[%emt 0:03:45]} 7. Be3 {[%emt 0:05:44]} Bd6 {[%emt 0:06:39]} 8. Nbd2 {[%emt 0:00:57]} O-O {[%emt 0:12:46]} 9. c3 {[%emt 0:06:19]} b6 {[%emt 0:19:45]} 10. Qc2 {[%emt 0:09:31]} c5 {[%emt 0:07:36]} 11. Rfe1 {[%emt 0:01:43]} Re8 {[%emt 0:04:28]} 12. Rad1 {[%emt 0:05:00]} Qe7 {[%emt 0:02:48]} 13. d4 {[%emt 0:05:33]} Ba6 {[%emt 0:09:41]} 14. dxe5 {[%emt 0:05:16]} Nxe5 {[%emt 0:06:40]} 15. Nxe5 {[%emt 0:00:32]} Qxe5 {[%emt 0:00:13]} 16. f4 {[%emt 0:01:07]} Qh5 {[%emt 0:06:30]} 17. e5 {[%emt 0:00:19]} Be2 {[%emt 0:00:55]} 18. Rc1 {[%emt 0:02:54]} Be7 {[%emt 0:03:28]} 19. Ne4 {[%emt 0:02:09]} Bb5 {[%emt 0:03:05]} 20. Ng3 {[%emt 0:04:36]} Qg4 {[%emt 0:02:28]} 21. Qe4 {[%emt 0:04:51]} Bh4 {[%emt 0:03:33]} 22. Bf2 {[%emt 0:00:42]} Rad8 {[%emt 0:01:15]} 23. c4 {[%emt 0:03:51]} Bxg3 {[%emt 0:01:02]} 24. hxg3 {[%emt 0:01:45]} Ba6 {[%emt 0:01:11]} 25. a3 {[%emt 0:02:51]} 1/2-1/2